| 000 | 00675nam a22001577a 4500 | ||
|---|---|---|---|
| 003 | OSt | ||
| 005 | 20150906142249.0 | ||
| 008 | 150906b xxu||||| |||| 00| 0 eng d | ||
| 040 | _cRUA | ||
| 082 | _aAGR អាន 1992 B004 Or.1 | ||
| 100 |
_9106 _aអាន ពេជ្រហត្ដដា |
||
| 245 | _aតុល្យភាពរវាងសត្វល្អិតចង្រៃ និង សត្វល្អិតមានប្រយោជន៍លើដំណាំស្រូវ ស្ថានីយ៍ការពារដំណាំ ស្ទឹងមានជ័យ | ||
| 260 |
_aPhnom Penh _bRUA _c1991 |
||
| 300 |
_a106p. _bill. _c29cm. |
||
| 942 |
_2ddc _cAGR |
||
| 999 |
_c98 _d98 |
||